Textbook of voice disorders / (Record no. 15082)
[ view plain ]
| 000 -LEADER | |
|---|---|
| fixed length control field | 02100cam a22002894a 4500 |
| 001 - CONTROL NUMBER | |
| control field | 14449383 |
| 003 - CONTROL NUMBER IDENTIFIER | |
| control field | OSt |
| 005 - DATE AND TIME OF LATEST TRANSACTION | |
| control field | 20160608103238.0 |
| 008 - FIXED-LENGTH DATA ELEMENTS--GENERAL INFORMATION | |
| fixed length control field | 060711s2007 caua b 001 0 eng |
| 010 ## - LIBRARY OF CONGRESS CONTROL NUMBER | |
| LC control number | 2006022882 |
| 020 ## - INTERNATIONAL STANDARD BOOK NUMBER | |
| International Standard Book Number | 1597561371 (hardcover) |
| 020 ## - INTERNATIONAL STANDARD BOOK NUMBER | |
| International Standard Book Number | 9781597561372 (hardcover) |
| 020 ## - INTERNATIONAL STANDARD BOOK NUMBER | |
| Canceled/invalid ISBN | 9781597561372 |
| 040 ## - CATALOGING SOURCE | |
| Original cataloging agency | SEKU |
| 050 00 - LIBRARY OF CONGRESS CALL NUMBER | |
| Classification number | RF 510 |
| Item number | .T4 |
| 245 00 - TITLE STATEMENT | |
| Title | Textbook of voice disorders / |
| Statement of responsibility, etc. | edited by Albert L. Merati, Steven A. Bielamowicz. |
| 260 ## - PUBLICATION, DISTRIBUTION, ETC. (IMPRINT) | |
| Place of publication, distribution, etc. | San Diego : |
| Name of publisher, distributor, etc. | Plural Pub., |
| Date of publication, distribution, etc. | c2007. |
| 300 ## - PHYSICAL DESCRIPTION | |
| Extent | 262 p. : |
| Other physical details | ill. (chiefly col.) ; |
| 504 ## - BIBLIOGRAPHY, ETC. NOTE | |
| Bibliography, etc | Includes bibliographical references and index. |
| 505 0# - FORMATTED CONTENTS NOTE | |
| Formatted contents note | Anatomy of the larynx and physiology of phonation / Suzy DuFlo and Susan Thibeault -- Physiology of airway regulation / Christy Ludlow -- Videostroboscopy / Nadine Connor and Diane Bless -- Laryngeal high-speed digital imaging and kymography / Rita Patel and Diane Bless -- Perceptual and objective voice assessment / Claudio Milstien and Douglas Hicks -- Laryngeal electromyography / Nicole Maronian and Lawrence Robinson -- Laryngeal hygiene / Douglas Hicks and Claudio Milstien -- Speech-language intervention, voice therapy / Sarah Marx Schneider and Robert Sataloff -- General principles of microlaryngeal surgery / Adam Rubin and Robert Sataloff -- Voice and speech abnormalities in systemic neurodegenerative disorders / Ted Mau and Mark Courey -- VOcal fold paralysis / Tanya Meyer, Lucian Sulica, and Andrew Blitzer -- The larynx in Parkinson's disease / Mona Abaza and Jennifer Spielman -- Essential voice tremor / Lucian Sulica, and Elan Louis -- Spasmodic Dysphonia / Joel Blumin -- Localized inflammatory disorders of the larynx / Natasha Mirza -- Sysyemic inflammatory disorders affecting the larynx / Felicia Johnson and James Ragland -- Reflux and the larynx / Riitta Ylitalo -- Benign lesions of the larynx / Timothy Anderson. |
| 650 #0 - SUBJECT ADDED ENTRY--TOPICAL TERM | |
| Topical term or geographic name as entry element | Voice disorders. |
| 650 12 - SUBJECT ADDED ENTRY--TOPICAL TERM | |
| Topical term or geographic name as entry element | Voice Disorders |
| General subdivision | diagnosis. |
| 650 12 - SUBJECT ADDED ENTRY--TOPICAL TERM | |
| Topical term or geographic name as entry element | Voice Disorders |
| General subdivision | therapy. |
| 700 1# - ADDED ENTRY--PERSONAL NAME | |
| Personal name | Merati, Albert L. |
| 700 1# - ADDED ENTRY--PERSONAL NAME | |
| Personal name | Bielamowicz, Steven A. |
| 942 ## - ADDED ENTRY ELEMENTS (KOHA) | |
| Source of classification or shelving scheme | Library of Congress Classification |
| Koha item type | General circulation |
| Withdrawn status | Lost status | Source of classification or shelving scheme | Damaged status | Not for loan | Home library | Current library | Shelving location | Date acquired | Source of acquisition | Total Checkouts | Full call number | Barcode | Date last seen | Price effective from | Koha item type |
|---|---|---|---|---|---|---|---|---|---|---|---|---|---|---|---|
| Library of Congress Classification | Main Campus Library | Main Campus Library | General Stacks | 08/06/2016 | Donation-books for Africa | RF 510 .T4 | 2016/018733 | 08/06/2016 | 08/06/2016 | General circulation |